000
00308nam a22001337a 4500
008
170615b xxu||||| |||| 00| 0 eng d
020
_a
0824785908
041
_a
eng
080
_2
4TH
_a
328
100
_a
19
101
_a
SHP
245
_a
PERSONNEL MAGAGEMENT IN GOVERNMENT
_c
SHAFRITZ,J,M
942
_2
udc
_c
BK
999
_c
17597
_d
17597